00289nam a2200097Ia 4500008004100000100002400041245003900065260003800104300001000142650003900152191201s2018 xx 000 0 und d aGupta,Jyoti & Other 0aPharmaceutical inorganic Chemistry bNirali ParkashanaNew Delhic2018 aMisc. aPharmaceutical inorganic Chemistry